Bezpečnostné aspekty migrácie v EÚ bakalárska práca

Na minha lista:
Detalhes bibliográficos
Autor principal: Jacková, Miroslava
Autor Corporativo: Fakulta medzinárodných vzťahov EU. Katedra medzinárodných ekonomických vzťahov a hospodárskej diplomacie
Outros Autores: Dudášová, Marianna
Formato: Livro
Idioma:eslovaco
Publicado em: Bratislava 2016
Tags: Adicionar Tag
Sem tags, seja o primeiro a adicionar uma tag!

MARC

LEADER 00000nbm a2200000 4500
001 0221451
005 20170209104750.6
041 0 |a slo 
044 |a SK 
245 1 0 |a Bezpečnostné aspekty migrácie v EÚ  |b bakalárska práca  |c Miroslava Jacková ; školiteľ: Marianna Dudášová 
264 1 |a Bratislava  |c 2016 
300 |a 45 s. 
100 1 |a Jacková, Miroslava 
700 1 |a Dudášová, Marianna 
710 2 |a Fakulta medzinárodných vzťahov EU. Katedra medzinárodných ekonomických vzťahov a hospodárskej diplomacie